000 00498cam a2200193ua 4500
001 9878
008 160228n II |||gr||||Z||||||hin
040 _aMAIN
041 _aEnglish
082 _a891.43 SIN
100 _aSINGH, DHARMENDRA PRATAP .
245 _aPREMCHAND KE UPNYASH ME DALIT CHETANA ( HINDI)
250 _a1ST.
260 _aDELHI:
_bARPITA PRAKASHAN,
_c2008.
300 _a112:
_c20CM.
653 _aHindi Books
700 _aSINGH, DHARMENDRA PRATAP .,
_eAuthor.
942 _cBK
999 _c9849
_d9849